000 00543nam a2200181Ia 4500
005 20250508160837.0
008 008 250505s9999 xx 000 0 eng d
037 _aTextual
040 _aFEDL
_beng
_cFEDL
041 _aeng
_2eng
084 _a371.95, BHA
_qFEDL
100 _aBhatt C L
_9769523
245 0 _aGifited children : A psychological, sociological and educational study
260 _aAllahabad, India
_bUnited Publisher
_c1973
300 _aviii,122p
942 _cTEXL
_h371.95, BHA
999 _c1366934
_d1366934